000 00764cab a22002295a 4500
001 L159998
008 150113e2016 xxk 000 0 eng d
035 _a(Sirsi) u159998
041 0 _aeng
050 _a599.3233 $2 18
100 1 _aMartin, Peter
245 0 0 _aSmelling a rat
_h[electronic resource]
260 _aLondon
_bRICS
_c2016
490 _aRICS Building Surveying Journal
_vJuly 2016 - August 2016, 10(1)
520 _aConsiders the health problems posed by rats such as leptospirosis.
650 2 4 _aPESTS
650 2 4 _aDISEASES
651 4 _aUnited Kingdom
_y
690 _aHealth and safety
_96244
856 4 0 _uhttps://www.rics.org/Global/BSJ%20BCJ%20July%20August%202016.pdf
_zView the article free of charge at www.rics.org...
942 _n0
999 _c85114
_d85114